000 00560nam a22001937a 4500
003 OSt
005 20160414141934.0
008 160414b xxu||||| |||| 00| 0 eng d
020 _a9781118757291
040 _cDDC
082 _a658.401 MCP 2014
100 _aMcphee, Joel E.
_97910
245 _aMastering Strategic Risk: a framework for leading and transforming organizations
260 _aNew Jersey; John Wiley, 2014
300 _axvi,233p; ill: 24cm
504 _aReferences, & index included
650 _aRisk management
_97911
942 _2z
_cO_SHELF
999 _c3541
_d3541